| 000 | 00631nam a2200205Ia 4500 | ||
|---|---|---|---|
| 003 | GCL | ||
| 008 | 140319s9999 xx 000 0 ara d | ||
| 040 |
_aGCL / _cGCL |
||
| 082 | 0 | 4 |
_a239.9 _bم ح |
| 100 | 1 | _aمحمد بكر اسماعيل (تعليق) | |
| 245 | 1 | 0 |
_aحياة الصحابة / _cمحمد بكر اسماعيل (تعليق) |
| 700 | 1 | _aمحمد يوسف الكاندهلوى | |
| 260 |
_a[S.N] : _bالمكتب الثقافى ، _c1993 |
||
| 300 | _aمتكرر الترقيم | ||
| 490 | _a | ||
| 650 | 0 | 4 | _aالسيرة النبوية |
| 650 | 0 | 4 | _aالحديث |
| 650 | 0 | 4 | _aالقصص |
| 942 |
_2ddc _cBK |
||
| 999 |
_c42521 _d42521 |
||